| Record ID | ia:infernocollectio0000seew |
| Source | Internet Archive |
| Download MARC XML | https://archive.org/download/infernocollectio0000seew/infernocollectio0000seew_marc.xml |
| Download MARC binary | https://www.archive.org/download/infernocollectio0000seew/infernocollectio0000seew_meta.mrc |
LEADER: 01455cam 2200361Ia 4500
001 ocn857766777
003 OCoLC
005 20191117174439.0
008 130909r20132007nyu g 000 1 eng d
040 $aFDL$beng$cFDL$dOCLCO$dOCLCF$dOCLCO$dAZFX8$dOCLCQ$dOCL$dOCLCO$dEYB
020 $a9780373268450
020 $a0373268459
035 $a(OCoLC)857766777
082 04 $a[Fic]$223
100 1 $aSeewald, Jacqueline.
245 14 $aThe inferno collection /$cJacqueline Seewald.
260 $aNew York :$bWorldwide,$c℗♭2013, ℗♭2007.
300 $a249 pages ;$c17 cm
336 $atext$btxt$2rdacontent
337 $aunmediated$bn$2rdamedia
338 $avolume$bnc$2rdacarrier
500 $aOriginally published: Five Star, 2007.
520 $aWhile investigating the sudden death of a friend, college librarian Kim Reynolds must fight the police, who scoff at her psychic powers, and her supervisor, who is mysteriously reticent about a locked collection of library materials.
650 0 $aWomen librarians$vFiction.
650 0 $aClairvoyants$vFiction.
650 7 $aClairvoyants.$2fast$0(OCoLC)fst00863217
650 7 $aWomen librarians.$2fast$0(OCoLC)fst01178106
655 7 $aDetective and mystery fiction$2fast$0(OCoLC)fst01726581
655 7 $aFiction.$2fast$0(OCoLC)fst01423787
655 7 $aDetective and mystery fiction.$2lcgft
655 7 $aMystery fiction.$2gsafd
994 $aZ0$bP4A
948 $hNO HOLDINGS IN P4A - 11 OTHER HOLDINGS